年死亡人口>出生人口的地级市 China prefectures with annual deaths > births(2019) - Statistics

General Stats
  • This quiz has been taken 83 times
  • The average score is 18 of 38
Answer Stats
地市 出生-死亡/人 % Correct
鹤岗 -2241
78%
本溪 -5021
74%
鸡西 -5097
71%
铁岭 -4207
71%
佳木斯 -651
71%
鞍山 -7629
69%
丹东 -4445
69%
齐齐哈尔 -3886
69%
黑河 -2242
69%
双鸭山 -1228
69%
抚顺 -4390
68%
阜新 -4081
68%
七台河 -282
68%
辽源 -54
68%
白城 -4249
66%
牡丹江 -2252
66%
锦州 -2113
66%
上海 -33852
63%
辽阳 -1205
63%
白山 -971
63%
伊春 -4524
60%
呼伦贝尔 -1305
41%
南通 -20974
40%
泰州 -8094
35%
扬州 -2729
34%
镇江 -1660
34%
舟山 -1424
21%
眉山 -19201
18%
广安 -5221
18%
乌兰察布 -847
18%
资阳 -22230
16%
内江 -15100
16%
自贡 -10908
16%
乐山 -6512
16%
广元 -1664
16%
德阳 -18713
15%
遂宁 -5369
15%
威海 -1051
12%
No matching quizzes found
Score Distribution
Percent of People with Each Score
Percentile by Number Answered
Your Score History
You have not taken this quiz